Ideology of China's Paramount Leaders - Statistics

General Stats
  • This quiz has been taken 58 times
  • The average score is 3 of 6
Answer Stats
Hint Answer % Correct
Mao Zedong Mao Zedong Thought
98%
Xi Jinping Xi Jinping Thought
86%
Deng Xiaoping Deng Xiaoping Theory
73%
Hua Guofeng The Two Whatevers
18%
Hu Jintao Scientific Outlook on Development
14%
Jiang Zemin The Three Represents
14%
No matching quizzes found
Score Distribution
Percent of People with Each Score
Percentile by Number Answered
Your Score History
You have not taken this quiz